Thermodynamics (Record no. 8344)

000 -LEADER
fixed length control field 00603nam a2200217 i 4500
001 - CONTROL NUMBER
control field 8344
003 - CONTROL NUMBER IDENTIFIER
control field BD-DhUET
008 - FIXED-LENGTH DATA ELEMENTS--GENERAL INFORMATION
fixed length control field 770308s1978 nyua b 001 0 eng
020 ## - INTERNATIONAL STANDARD BOOK NUMBER
International Standard Book Number 0023355301
040 ## - CATALOGING SOURCE
Original cataloging agency DLC
Transcribing agency DLC
Modifying agency BD-DhUET
082 ## - DEWEY DECIMAL CLASSIFICATION NUMBER
Classification number 621.01
Item number FAI/1970
100 ## - MAIN ENTRY--PERSONAL NAME
Personal name Faires, Virgil Moring
245 10 - TITLE STATEMENT
Title Thermodynamics
Statement of responsibility, etc. by Virgil Moring Faires and Clifford Max Simmang
250 ## - EDITION STATEMENT
Edition statement 6th ed.
260 ## - PUBLICATION, DISTRIBUTION, ETC. (IMPRINT)
Place of publication, distribution, etc. New York
Name of publisher, distributor, etc. Macmillan
Date of publication, distribution, etc. 1970
300 ## - PHYSICAL DESCRIPTION
Extent xxiii, 647 p.
Other physical details ill.
Dimensions 26 cm.
504 ## - BIBLIOGRAPHY, ETC. NOTE
Bibliography, etc Includes bibliographies
650 #0 - SUBJECT ADDED ENTRY--TOPICAL TERM
Topical term or geographic name as entry element Thermodynamics
700 ## - ADDED ENTRY--PERSONAL NAME
Personal name Simmang, Clifford Max
942 ## - ADDED ENTRY ELEMENTS (KOHA)
Koha item type General Book
Holdings
Source of classification or shelving scheme Not for loan Price effective from Koha full call number Koha normalized classification for sorting Sublocation or collection (holding branch) Lost status Koha date last seen Location (home branch) Damaged status Withdrawn status Copy number Shelving location Date acquired Piece designation (barcode) Koha item type
  2015-01-20621.01/FAI/1978621_010000000000000_FAI_1978Central Library, BUET 2015-01-20Central Library, BUET  1Circulation section2015-01-2042943General Book
  2024-12-11621.01 FAI/1970621_010000000000000_FAI_1970Central Library, BUET 2024-12-11Central Library, BUET  ৬/ক-১Rental section1985-06-1163135Rental Item
  2024-12-11621.01 FAI/1970621_010000000000000_FAI_1970Central Library, BUET 2024-12-11Central Library, BUET  ৬/ক-২Rental section1985-06-1163136Rental Item
  2024-12-11621.01 FAI/1970621_010000000000000_FAI_1970Central Library, BUET 2024-12-11Central Library, BUET  ৬/ক-৩Rental section1985-06-1163137Rental Item
  2024-12-11621.01 FAI/1970621_010000000000000_FAI_1970Central Library, BUET 2024-12-11Central Library, BUET  ৬/ক-৪Rental section1985-06-1163138Rental Item
  2024-12-11621.01 FAI/1970621_010000000000000_FAI_1970Central Library, BUET 2024-12-11Central Library, BUET  ৬/ক-৫Rental section1985-06-1163139Rental Item
  2024-12-11621.01 FAI/1970621_010000000000000_FAI_1970Central Library, BUET 2024-12-11Central Library, BUET  ৬/ক-৬Rental section1985-06-1163140Rental Item
  2024-12-11621.01 FAI/1970621_010000000000000_FAI_1970Central Library, BUET 2024-12-11Central Library, BUET  ৬/ক-৭Rental section1985-06-1163141Rental Item
  2024-12-11621.01 FAI/1970621_010000000000000_FAI_1970Central Library, BUET 2024-12-11Central Library, BUET  ৬/ক-৮Rental section1985-06-1163142Rental Item
  2024-12-11621.01 FAI/1970621_010000000000000_FAI_1970Central Library, BUET 2024-12-11Central Library, BUET  ৬/ক-৯Rental section1985-06-1163143Rental Item
  2024-12-11621.01 FAI/1970621_010000000000000_FAI_1970Central Library, BUET 2024-12-11Central Library, BUET  ৬/ক-১০Rental section1985-06-1163144Rental Item
  2024-12-11621.01 FAI/1970621_010000000000000_FAI_1970Central Library, BUET 2024-12-11Central Library, BUET  ৬/ক-১১Rental section1985-06-1163145Rental Item
  2024-12-11621.01 FAI/1970621_010000000000000_FAI_1970Central Library, BUET 2024-12-11Central Library, BUET  ৬/ক-১২Rental section1985-06-1163146Rental Item
  2024-12-11621.01 FAI/1970621_010000000000000_FAI_1970Central Library, BUET 2024-12-11Central Library, BUET  ৬/ক-১৩Rental section1985-06-1163147Rental Item
  2024-12-11621.01 FAI/1970621_010000000000000_FAI_1970Central Library, BUET 2024-12-11Central Library, BUET  ৬/ক-১৪Rental section1985-06-1163148Rental Item
  2024-12-11621.01 FAI/1970621_010000000000000_FAI_1970Central Library, BUET 2024-12-11Central Library, BUET  ৬/ক-১৫Rental section1985-06-1163149Rental Item
  2024-12-11621.01 FAI/1970621_010000000000000_FAI_1970Central Library, BUET 2024-12-11Central Library, BUET  ৬/ক-১৬Rental section1985-06-1163150Rental Item
  2024-12-11621.01 FAI/1970621_010000000000000_FAI_1970Central Library, BUET 2024-12-11Central Library, BUET  ৬/ক-১৭Rental section1985-06-1163151Rental Item
  2024-12-11621.01 FAI/1970621_010000000000000_FAI_1970Central Library, BUET 2024-12-11Central Library, BUET  ৬/ক-১৮Rental section1985-06-1163152Rental Item
  2024-12-11621.01 FAI/1970621_010000000000000_FAI_1970Central Library, BUET 2024-12-11Central Library, BUET  ৬/ক-১৯Rental section1985-06-1163153Rental Item
  2024-12-11621.01 FAI/1970621_010000000000000_FAI_1970Central Library, BUET 2024-12-11Central Library, BUET  ৬/ক-২০Rental section1985-06-1163154Rental Item